000
00297nam a22001457a 4500
003
SGT
082
_a
532 VER
100
_a
VERMA,B.G
245
_a
HYDRO DYNAMICS
250
_a
11TH
260
_a
MEERUT
_b
PRAGATI PRAKASHAN
_c
2015
300
_a
208
653
_a
HYDRO DYNAMICS
942
_2
ddc
_c
FPS
999
_c
10004
_d
10004